01362nam a2200253 a 450000100080000000500110000800800410001910000230006024500980008326001210018130000160030252006200031865000150093865000130095365000100096665000170097665000140099365000130100765000090102070000190102970000210104870000220106970000170109114693462026-02-13 1988 bl uuuu u00u1 u #d1 aGAZZIERO, D. L. P. aAvaliação do resíduo de paraquat em grãos, farelo e óleo de soja.h[electronic resource] aIn: CONGRESSO BRASILEIRO DE HERBICIDAS E PLANTAS DANINHAS, 17., 1988, Piracicaba. Resumos... Piracicaba: SBHEDc1988 ap. 381-382. aNa cultura de soja, a presença de plantas daninhas e a retenção foliar causada por estresse hídrico ou por ataque de percevejo podem ser consequências do manejo inadequado da cultura e do solo e têm levado os agricultores a utilizarem dessecante quimico para facilitar ou adequar as lavouras à colheita mecânica. Na grande maioria das vezes, a dessecação não seria praticada se tecnologias adequadas fossem adotadas. Entretanto, embora não frequentemente, poderã ocorrer desequilíbrio fisiologico causado por fato res desconhecidos ou incontrolaveis que causam a retenção foliar das plantas de soja. aHerbicides aSoybeans aWeeds aErva Daninha aHerbicida aParaquat aSoja1 aSKORA NETO, F.1 aRODRIGUES, B. N.1 aALMEIDA, F. L. S.1 aVIDAL, R. A.